Statistics for Parks and Recreation Groups of Things

Click here to take the quiz!

General Stats

  • This quiz has been taken 228 times
    (226 since last reset)
  • The average score is 16 of 36

Answer Stats

Hint Answer % Correct
Rent-a-Swag
90%
Jamm
88%
Leslie Knope
86%
Tom's businessesEntertainment 720
80%
Tom's Bistro
78%
Ann
76%
Bobby Newport
73%
Ya' Heard? With Perd
72%
Craig
59%
Councilmen Prior to Leslie's ElectionHowser
59%
Crazy Ira and the Douche
57%
Lucy
56%
Employees of the former Eagleton parks departmentRon (Dunn)
56%
Wendy
53%
Pawnee Today
53%
Pawnee Sun
53%
Washington DC
53%
Brandi Maxxxx
53%
London/Lagavulin
52%
Dexhart
52%
Mona Lisa
44%
Milton
42%
Tynnyfer
36%
Paris
29%
ERIC
23%
San Francisco
23%
Pawnee Media OutletsPawnee Journal
19%
Grand Canyon
13%
Thoughts for Your Thoughts
9%
Detlef Schrempf
8%
Pillner
7%
Nadia
7%
Fester Trim
3%
Roy Hibbert
3%
Manrico Della Rossa
2%
Chris Bosh
1%

Score Distribution

Percentile by Number Answered

Percent of People with Each Score

Your Score History

You have not taken this quiz since the last reset